000 00690nam a2200241Ia 4500
003 OSt
005 20220928123942.0
006 a|||||r|||| 00| 0
007 ta
008 220927b |||||||| |||| 00| 0 eng d
024 _a6807
037 _cTextual
040 _aSDCL
_cSDCL
_beng
041 _2eng
_aeng
082 _aV2:24'N2, P7
100 _aMetcalf Thomas R
_9438123
245 0 _aImperial connections
_bIndia in the Indian Ocean Arena 1860-1920
260 _aRanikhet
_bPermanent Black
_c2007
300 _axv,264p
_ccm.
650 _aPolitics And Government India
942 _hV2:24'N2, P7
_cTEXL
_2CC
999 _c775506
_d775506